000 00907cab a2200265 4500
001 ABS59482
008 090401t1998 xxu||||| |||| 00| 0 eng d
035 _a(Sirsi) u89145
041 _aeng
100 _aKirkwood, J.
245 _aMake a REAL difference
260 _c1998
350 _a0
490 _aEstates Gazette
_v(9839) 26 September 1998, 196-197(2)
520 _aSoftware review of GVA Grimley`s REAL products range of maintenance information packages. Three packages cover condition surveys, maintenance management, and asset management.
650 _aASSET MANAGEMENT
650 _aBUILT ENVIRONMENT-BUILDING MAINTENANCE AND REFURBISHMENT
650 _aCONDITION SURVEYS
650 _aMAINTENANCE MANAGEMENT
650 _aPROPERTY SOFTWARE
650 _aREAL PRODUCTS
690 _aMANAGEMENT-BUSINESS MANAGEMENT-INFORMATION MANAGEMENT
942 _n0
948 _c21/10/1998
999 _c56371
_d56371